000 00924nam0a22002651 4500
001 rc\3689486
005 20260408075812.0
021 _aRU
_bРг6743-74
021 _aRU
_b74-42832
035 _a(NLR Aleph) 007756024
090 _a7314708
_c7314708
100 _a20130115d1974 |||y0rusy50 ca
101 0 _arus
102 _aRU
105 _aa z |||||
200 1 _aОбщие вопросы парентерального питания
_fЗдравоохранение-74. Москва. 28 мая - 10 июня 1974 г.
210 _a[Москва
_cБ. и.
_d1974]
215 _a30 с., 2 л. табл.
_d19
700 1 _aКарлен
_bУ.
_gУлоф
712 1 2 _a"Здравоохранение-74", международная выставка
_f1974
_eМосква
_3RU\NLR\AUTH\8810219513
_9324389
801 0 _aRU
_bNLR
_gpsbo
801 1 _aRU
_bELAR
_2rusmarc
852 _aNLR
_j74-4/6697
942 _cBOOK
980 _aNB